Catálogo
 En Linea

Introducción a la econometría / (Registro nro. 25117)

Detalles MARC
000 -CABECERA
campo de control de longitud fija 00928nam a2200253 a 4500
001 - NÚMERO DE CONTROL
campo de control 000025625
005 - FECHA Y HORA DE LA ÚLTIMA TRANSACCIÓN
campo de control 20200930023927.0
008 - DATOS DE LONGITUD FIJA--INFORMACIÓN GENERAL
campo de control de longitud fija 110218s1980 mx ad r 000 0 spa d
020 ## - NÚMERO INTERNACIONAL ESTÁNDAR DEL LIBRO
Número Internacional Estándar del Libro 9681809750
040 ## - FUENTE DE LA CATALOGACIÓN
Centro catalogador/agencia de origen DO-SdBNP
Lengua de catalogación spa
Centro/agencia transcriptor BNPHU
041 17 - CÓDIGO DE LENGUA
Código de lengua del texto/banda sonora o título independiente spa
Código de lengua original eng
Fuente del código Código de idioma MARC
082 ## - NÚMERO DE LA CLASIFICACIÓN DECIMAL DEWEY
Número de clasificación NNN
Número de documento/Ítem A419i
049 ## - FONDOS LOCALES (OCLC)
Fondos de biblioteca BNGR
100 1# - ENTRADA PRINCIPAL--NOMBRE DE PERSONA
Nombre de persona Allard, R. J.
9 (RLIN) 52323
240 10 - TÍTULO UNIFORME
Título uniforme An approach to econometrics.
Lenguaje de la obra Español.
245 10 - MENCIÓN DE TÍTULO
Título Introducción a la econometría /
Mención de responsabilidad, etc. R. J. Allard ; versión española Sergio Fernández Everest y revisión de Yolanda Palma Cabrera.
260 ## - PUBLICACIÓN, DISTRIBUCIÓN, ETC.
Lugar de publicación, distribución, etc. México D. F. :
Nombre del editor, distribuidor, etc. Limusa,
Fecha de publicación, distribución, etc. 1980.
300 ## - DESCRIPCIÓN FÍSICA
Extensión viii, 271 p. :
Otras características físicas il., diagr. ;
Dimensiones 22 cm.
534 ## - NOTA SOBRE LA VERSIÓN ORIGINAL
Encabezamiento principal del original Título original:
Mención de título del original An approach to econometrics.
500 ## - NOTA GENERAL
Nota general Incluye bibliografía (p. 365-366)
500 ## - NOTA GENERAL
Nota general Incluye apéndice (p. 249-262)
700 1# - PUNTO DE ACCESO ADICIONAL--NOMBRE DE PERSONA
Nombre de persona Fernández Everest, Sergio
Término indicativo de función/relación tr.
9 (RLIN) 51388
700 1# - PUNTO DE ACCESO ADICIONAL--NOMBRE DE PERSONA
Nombre de persona Palma Cabrera, Yolanda.
9 (RLIN) 52324
Existencias
Estado de retiro Estado de pérdida Restricciones de uso No para préstamo Código de colección Localización permanente Ubicación/localización actual Ubicación en estantería Fecha de adquisición Número de inventario Total de préstamos Signatura topográfica completa Código de barras Fecha visto por última vez Precio válido a partir de Tipo de ítem Koha
        Monografías: Libros y Folletos General General En catalogación 18.02.2011 LF1   NNN A419i 25625-10 25.06.2020 25.06.2020 Préstamo en sala

Con tecnología Koha